Local authority risk management and the Private Finance Initiative. (Record no. 100008)
[ view plain ]
| 000 -LEADER | |
|---|---|
| fixed length control field | 01037cam a2200277 4500 |
| 008 - FIXED-LENGTH DATA ELEMENTS--GENERAL INFORMATION | |
| fixed length control field | 000000n1999 000 0 eng u |
| 020 ## - INTERNATIONAL STANDARD BOOK NUMBER | |
| International Standard Book Number | 0854069909 |
| 035 ## - SYSTEM CONTROL NUMBER | |
| System control number | (Sirsi) u101074 |
| 050 ## - LIBRARY OF CONGRESS CALL NUMBER | |
| Classification number | 338.9 |
| 100 ## - MAIN ENTRY--PERSONAL NAME | |
| Personal name | Akintoye, A. |
| 245 ## - TITLE STATEMENT | |
| Title | Local authority risk management and the Private Finance Initiative. |
| 260 ## - PUBLICATION, DISTRIBUTION, ETC. | |
| Place of publication, distribution, etc. | London |
| Name of publisher, distributor, etc. | RICS |
| Date of publication, distribution, etc. | 1999 |
| 300 ## - PHYSICAL DESCRIPTION | |
| Extent | iii,81p. ; 30cm. |
| 520 ## - SUMMARY, ETC. | |
| Summary, etc. | A report on research carried out by Akintola Akintoye, Eamon Fitzgerald, Cliff Hardcastle and Hocine Kraria of Glasgow Caledonian University and funded by Glasgow Caledonian University and the Education Trust of the Royal Institution of Chartered Surveyors. |
| 650 ## - SUBJECT ADDED ENTRY--TOPICAL TERM | |
| Topical term or geographic name entry element | PFI |
| 650 ## - SUBJECT ADDED ENTRY--TOPICAL TERM | |
| Topical term or geographic name entry element | LOCAL AUTHORITIES |
| 650 ## - SUBJECT ADDED ENTRY--TOPICAL TERM | |
| Topical term or geographic name entry element | PRIVATE FINANCE INITIATIVE |
| 650 ## - SUBJECT ADDED ENTRY--TOPICAL TERM | |
| Topical term or geographic name entry element | RISK MANAGEMENT |
| 650 ## - SUBJECT ADDED ENTRY--TOPICAL TERM | |
| Topical term or geographic name entry element | PUBLIC PRIVATE PARTNERSHIPS |
| 650 ## - SUBJECT ADDED ENTRY--TOPICAL TERM | |
| Topical term or geographic name entry element | PUBLIC PRIVATE PARTNERSHIPS |
| 690 ## - LOCAL SUBJECT ADDED ENTRY--TOPICAL TERM (OCLC, RLIN) | |
| Topical term or geographic name as entry element | PROPERTY-PROPERTY FINANCE AND INVESTMENT |
| 700 ## - ADDED ENTRY--PERSONAL NAME | |
| Personal name | Fitzgerald, Eamon |
| 700 ## - ADDED ENTRY--PERSONAL NAME | |
| Personal name | Hardcastle, Cliff |
| 700 ## - ADDED ENTRY--PERSONAL NAME | |
| Personal name | Kraria, Hocine |
| 942 ## - ADDED ENTRY ELEMENTS (KOHA) | |
| Suppress in OPAC | 0 |
| Withdrawn status | Lost status | Source of classification or shelving scheme | Damaged status | Not for loan | Home library | Current library | Shelving location | Date acquired | Total Checkouts | Full call number | Barcode | Date last seen | Copy number | Price effective from | Koha item type | Date last checked out |
|---|---|---|---|---|---|---|---|---|---|---|---|---|---|---|---|---|
| Dewey Decimal Classification | London | London | RICS Boxes | 29/10/1999 | RICS 1999/61 | 30060341 | 06/08/2019 | 1 | 06/08/2019 | Archive | ||||||
| Dewey Decimal Classification | London | London | RICS Boxes | 16/12/1999 | RICS 1999/61 | 30060342 | 06/08/2019 | 2 | 06/08/2019 | Reference material | ||||||
| Dewey Decimal Classification | London | London | RICS Boxes | 16/12/1999 | 4 | RICS 1999/61 | 30060343 | 06/08/2019 | 3 | 06/08/2019 | Book | 12/06/2008 |